00685nam a2200157 a 450000100100000000500170001000800410002704000250006810000350009324501010012826000450022930000200027495201050029495201110039999900170051000004507020201002045843.0150130s1976 dr 000 0 spa d aDO-SdBNPbspacBNPHU1 aAbinader, José Rafael91165210aAportaciones para la variación del Sistema Monetario Internacional. /cJosé Rafael Abinader. aSanto Domingo :bEdiciones O & M,c1976. a60 p. ;c21 cm. 0010718PDaPDbPDcHDd2015-01-30iLF1l0o p45070-10r2020-06-25w2020-06-25yLFPDZNo se presta 0010718PDaPDbPDcHDd2015-04-14iLF1l0o p45070-20r2020-06-25te. 2w2020-06-25yLFPDZNo se presta c44559d44559